Thủy hử

Guardat en:
Dades bibliogràfiques
Autor principal: Thi Nại Am
Format: Llibre
Idioma:Undetermined
Publicat: H. Văn Học 1999
Matèries:
Etiquetes: Afegir etiqueta
Sense etiquetes, Sigues el primer a etiquetar aquest registre!
Thư viện lưu trữ: Trung tâm Học liệu Trường Đại học Cần Thơ
LEADER 00472nam a2200169Ia 4500
001 CTU_51783
008 210402s9999 xx 000 0 und d
082 |a 895.13 
082 |b A104/T2 
100 |a Thi Nại Am 
245 0 |a Thủy hử 
245 0 |c Thi Nại Am; Á Nam Trần Tuấn Khải dịch 
260 |a H. 
260 |b Văn Học 
260 |c 1999 
650 |a historical fiction, chinese 
980 |a Trung tâm Học liệu Trường Đại học Cần Thơ